Sokrétű termelés, jól kereső bedolgozók a Tápéi Háziipari Szövetkezetben
Elmentve itt :
| Szerző: | |
|---|---|
| Dokumentumtípus: | Cikk |
| Megjelent: |
1973-03-15
|
| Sorozat: | Délmagyarország
63 No. 62 |
| Online Access: | http://dmarchiv.bibl.u-szeged.hu/92282 |
| LEADER | 00472nab a2200145 i 4500 | ||
|---|---|---|---|
| 001 | delm92282 | ||
| 005 | 20190402151815.0 | ||
| 008 | 190402s1973 hu o 0|| hun d | ||
| 040 | |a SZTE Délmagyarország Archívum |b hun | ||
| 041 | |a hun | ||
| 100 | 1 | |a Bernula Mihály | |
| 245 | 1 | 0 | |a Sokrétű termelés, jól kereső bedolgozók a Tápéi Háziipari Szövetkezetben |h [elektronikus dokumentum] / |c Bernula Mihály |
| 260 | |c 1973-03-15 | ||
| 300 | |a 7 | ||
| 490 | 0 | |a Délmagyarország |v 63 No. 62 | |